000 00422nam a2200205Ia 4500
001 003855
003 YMCAF
005 20230512160236.0
008 100717s1971 ||||||||||||||||| ||und|d
024 _a3855
035 _a3860
040 _aYMCAF
_beng
_cIN-KoLT
041 _aeng
082 _aUSI-HUK
100 _aHUGH S.J.
245 0 _aUSING SEMICONDUCTORS
260 _c1971
300 _a138
942 _2ddc
_cBK
999 _c3055
_d3055